April 13th: Birthdays - Statistics

General Stats
  • This quiz has been taken 6 times
  • The average score is 2 of 10
Answer Stats
Year Clue Answer % Correct
1743 US President Thomas Jefferson
80%
1570 Convicted in the Gunpowder Plot Guy Fawkes
60%
1963 Chess Champion/Karpov rival Garry Kasparov
40%
1866 Desperado/Outlaw Butch Cassidy
20%
1949 Writer for Vanity Fair Christoper Hitchens
0%
1732 Prime Minister of Great Britain Frederick North
0%
1976 Played Lucas Wolenczak Jonathan Brandis
0%
1892 Developer of the radio direction findings in WWII Robert Watson-Watt
0%
1906 Nobel Prize winner Samuel Beckett
0%
1939 Nobel Prize winner Seamus Heaney
0%
No matching quizzes found
Score Distribution
Percent of People with Each Score
Percentile by Number Answered
Your Score History
You have not taken this quiz